| 000 | 00750nam a2200217 4500 | ||
|---|---|---|---|
| 003 | OSt | ||
| 005 | 20221111152449.0 | ||
| 008 | 221111b |||||||| |||| 00| 0 eng d | ||
| 020 | _a9968 9993 2 6 | ||
| 040 | _cBiblioteca Lado V | ||
| 082 |
_a927 _bB224i |
||
| 100 |
_aBarahona Ortega, Luis Diego _9383 _eautor |
||
| 245 | _aJaime Rouillon Costa Rica/ | ||
| 260 |
_aCosta Rica _bEnoteca Holtermann _c2004 |
||
| 300 |
_a86p. _c20.5x21.5cm |
||
| 650 |
_2Tesauro de Arte & Arquitectura _aARQUITECTURA |
||
| 650 |
_2Tesauro de Arte & Arquitectura _aMONOGRAFIAS |
||
| 650 |
_2Tesauro de Arte & Arquitectura _aARQUITECTOS COSTARRICENSES |
||
| 650 |
_2Tesauro de Arte & Arquitectura _aLATINOAMERICA |
||
| 942 |
_2ddc _c1 _h927 _iB224j |
||
| 999 |
_c2590 _d2590 |
||